Kỹ thuật lập trình Turbo Pascal 5 - 7 /

Khái niệm. Kiểu dữ liệu, hằng, biến, mảng, biểu thức và toán tử gán. Các thủ tục vào ra. Các toán tử điều khiển. Chương trình con, thủ tục và hàm...

Uloženo v:
Podrobná bibliografie
Hlavní autor: Phạm Văn Ất, GS.
Médium: Kniha
Jazyk:Vietnamese
Vydáno: Hà Nội : Khoa học và kỹ thuật, 1998.
Témata:
Tagy: Přidat tag
Žádné tagy, Buďte první, kdo otaguje tento záznam!
Thư viện lưu trữ: Mạng thư viện Đại học Đà Nẵng
LEADER 01123cam a2200349 i 4500
001 000043104
003 979
005 20030917100449.0
008 010217b1998 vm 000 vie
040 |a IRC  |c IRC  |d IRC 
041 0 |a vie 
082 1 4 |a 005.13  |b PH- 
100 1 |a Phạm Văn Ất,  |c GS. 
245 0 0 |a Kỹ thuật lập trình Turbo Pascal 5 - 7 /  |c Phạm Văn Ất. 
260 |a Hà Nội :  |b Khoa học và kỹ thuật,  |c 1998. 
300 |a 533tr. ;  |c 20,5cm. 
520 3 |a Khái niệm. Kiểu dữ liệu, hằng, biến, mảng, biểu thức và toán tử gán. Các thủ tục vào ra. Các toán tử điều khiển. Chương trình con, thủ tục và hàm... 
630 0 4 |a Tin học. 
630 0 4 |a Lập trình. 
630 0 4 |a Turbo Pascal. 
630 0 4 |a Computer program language. 
650 0 4 |a Turbo Pascal (Ngôn ngữ lập trình máy tính) 
OWN |a DUT 
999 |a From the UDN01 
TYP |a Monograph 
TYP |a Printed language 
980 |a Mạng thư viện Đại học Đà Nẵng